Des méthodes de classification en nosologie. Thèse de concours pour 1853 par M. E. Bouchut, docteur en médecine, médecin de l'Hôpital de Bon-Secours, lauréat de l'Institut de France, chevalier de légion d'honneur, etc.

Detalles Bibliográficos
Autor principal: Bouchut, Eugène 1818-1891
Formato: Libro
Lenguaje:French
Publicado: Paris 1853.
Materias:
Colección:Banco de datos
Acervo:Biblioteca Pública Central del Estado de Durango. Lic. José Ignacio Gallegos Caballero. Colección General
Descripción Física:44 p. 4°
Tema general:Medicina
Notas:Portada con pleca. Encuadernación en cartón con lomo en piel
LEADER 00774nam a22001810004500
035 |a 516 
041 0 |a fre 
100 1 |a Bouchut, Eugène  |d 1818-1891 
245 1 0 |a Des méthodes de classification en nosologie. Thèse de concours pour 1853 par M. E. Bouchut, docteur en médecine, médecin de l'Hôpital de Bon-Secours, lauréat de l'Institut de France, chevalier de légion d'honneur, etc. 
260 |a Paris  |b imprimerie de L. Martinet  |c 1853. 
300 |a 44 p.  |c 4° 
500 |a Portada con pleca. Encuadernación en cartón con lomo en piel 
501 |a 17 obras 
650 1 0 |a Medicina 
949 |a CG. 6609-B 
942 |c DURANGEN 
943 |g Biblioteca Pública Central del Estado de Durango. Lic. José Ignacio Gallegos Caballero. Colección General 
999 |c 1076320  |d 1076320